| 000 | 00977nam a2200205Ia 4500 | ||
|---|---|---|---|
| 999 |
_c44983 _d44983 |
||
| 001 | 11804 | ||
| 003 | GE_BSU | ||
| 005 | 20240619103335.0 | ||
| 008 | 181216s2014||||ge |||||||||||||| ||geo|| | ||
| 040 | _cGE_BSU | ||
| 041 | _ageo | ||
| 080 | _a81+811.353.1 თ-30 | ||
| 100 |
_aთანდაშვილი, მანანა _92139 |
||
| 245 |
_aკორპუსლინგვისტური პარადიგმა ენათმეცნიერებაში / _cმანანა თანდაშვილი, ზაქარია ფურცხვანიძე. |
||
| 264 |
_aთბილისი : _b[დამანი], _c2014. |
||
| 300 |
_a268 გვ. : _bცხრ. ; _c23 სმ. |
||
| 653 | _aკორპუსლინგვისტური პარადიგმა ენათმეცნიერებაში | ||
| 700 |
_aფურცხვანიძე, ზაქარია _eავტორი _92140 |
||
| 942 |
_cBK _2udc |
||